Distribution of zeros of entire functions /

Guardado en:
Autor Principal: Levin, B. IA.
Formato: Libro
Idioma:English
Russian
Publicado: Providence : American Mathematical Society, 1964.
Series:Translations of mathematical monographs ; v. 5.
Materias:
Etiquetas: Agregar Etiqueta
Sin Etiquetas, Sea el primero en etiquetar este registro!
LEADER 00881nam a22002411a 4500
001 MAT.inmabb006204
008 840229s1964####riu######b####000#0#eng##
005 20130307182812.0
245 1 0 |a Distribution of zeros of entire functions /  |c [Translated from the Russian by R.P. Boas, and others]. 
260 |a Providence :  |b American Mathematical Society,  |c 1964. 
300 |a viii, 493 p. ;  |c 24 cm. 
490 1 |a Translations of mathematical monographs ;  |v v. 5 
504 |a Bibliografía: p. 486-493. 
510 4 |a MR,  |c 28 #217 
100 1 |a Levin, B. IA.  |q (Boris IAkovlevich) 
240 1 0 |a Raspredelenie kornei tselykh funktsii.  |l Inglés 
830 0 |a Translations of mathematical monographs ;  |v v. 5. 
650 0 |a Functions, Entire. 
084 |a 30D35  |2 msc2000 
010 |a  63015661  
040 |a DLC/ICU  |c ICU  |d DLC 
041 1 |a eng  |h rus 
859 |h 30  |i L665  |p A-5621  |b BIB. MATEMATICA